000 01052nam a22002417a 4500
999 _c65434
_d65434
005 20240530110824.0
008 190801s2019 ua b g b 000 0 ara d
017 _a2019/3356
_bمصر. دار الكتب
020 _a8979773224080
040 _aEG-CaGPL
_cEG-CaGPL
082 0 4 _221
_a953.08/
_bأ ح
100 0 _aاحمد محمد عطوة عبدالحميد
245 1 2 _aالحرائق واثارها فى دولة المماليك الاولى :
_b648 - 784 هـ / 1250 - 1382 م : دراسة تاريخية /
_cتاليف احمد محمد عطوة عبدالحميد
250 _aط.1
260 _aالقاهرة :
_bعين للدراسات و البحوث الانسانية و الاجتماعية،
_c2019.
300 _a350 ص. :
_bخرائط ؛
_c24 سم.
504 _aيشتمل على ارجاعات ببليوجرافية
650 0 7 _2qrmak
_aالحرائق
650 0 7 _2qrmak
_aالحرائق
_xتاريخ
_zدولة المماليك
651 _2qrmak
942 _2ddc
_cBK